Daňovníctvo - teória a prax
Uložené v:
| Hlavný autor: | |
|---|---|
| Ďalší autori: | , , , , |
| Médium: | Kniha |
| Jazyk: | Slovak |
| Vydavateľské údaje: |
Praha
Wolters Kluwer ČR
2025
|
| Vydanie: | 1. vydanie |
| Predmet: | |
| Tagy: |
Žiadne tagy, Buďte prvý, kto otaguje tento záznam!
|
MARC
| LEADER | 00000nam a2200000 4500 | ||
|---|---|---|---|
| 001 | 0312607 | ||
| 005 | 20251006102304.7 | ||
| 020 | |a 978-80-286-0335-9 | ||
| 041 | 0 | |a slo | |
| 044 | |a CZ | ||
| 245 | 1 | 0 | |a Daňovníctvo - teória a prax |c Juraj Válek, Jana Kušnírová, Denisa Ihnatišinová, Marcela Rabatinová ; recenzovali: Beáta Šofranková, Ján Huňady |
| 250 | |a 1. vydanie | ||
| 264 | 1 | |a Praha |b Wolters Kluwer ČR |c 2025 | |
| 300 | |a 428 s. [28,91 AH] | ||
| 610 | 2 | 0 | |a dane |
| 610 | 2 | 0 | |a teória a prax |
| 610 | 2 | 0 | |a dane priame |
| 610 | 2 | 0 | |a dane nepriame |
| 610 | 2 | 0 | |a správa daňová |
| 610 | 2 | 0 | |a správa finančná |
| 610 | 2 | 0 | |a politika daňová |
| 610 | 2 | 0 | |a kontrola daňová |
| 100 | 1 | |a Válek, Juraj, 1981- | |
| 700 | 1 | |a Kušnírová, Jana, 1977- | |
| 700 | 1 | |a Ihnatišinová, Denisa, 1983- | |
| 700 | 1 | |a Rabatinová, Marcela, 1977- | |
| 700 | 1 | |a Šofranková, Beáta | |
| 700 | 1 | |a Huňady, Ján | |